000 00614nam a2200217 a 4500
001 000033593
003 OSt
005 20240412074257.0
008 110901s1937 dr 000 0 spa d
040 _aDO-SdBNP
_bspa
_cBNPHU
049 _aBNPD
082 4 _aRD861.42
100 1 _aAguiar, Enrique
_937977
245 1 0 _aGesta de prócer /
_cEnrique Aguiar.
260 _aCiudad Trujillo, República Dominicna :
_bMontalvo,
_c1937.
300 _a41 p. ;
_c22 cm.
650 4 _aPoesía dominicana
_977021
650 0 _aLiteratura dominicana.
_967
910 _aValidado. Control de calidad MFF
942 _2ddc
_cLF1
999 _c33084
_d33084